000 00539nam a2200217 a 4500
999 _c9282
_d9282
001 9282
003 BD-JhCC
005 20180312134547.0
008 180312s1960 e |||| || | 001 0 eng d
035 _a(BD-JhCC)9282
040 _aBD-JhCC
_dBD-JhCC
041 _aeng
082 _a302
_bAKO 1960
100 _aAkolkar, V. V.
245 _aSocial Psychology /
_cV. V. Akolkar,
260 _aLondon :
_bAsia Publishing House,
_c1960
300 _a307 p. :
_c20 cm.
650 _aSocial Psychology
942 _2ddc
_cBK